000 00325nam a22001217a 4500
008 190314b xxu||||| |||| 00| 0 eng d
041 _aeng
080 _a043.3
100 _a0
101 _aSHJ-BA
245 _aKriminaliteti i të miturve në rajonin e Prishtinës gjatë periudhës 2013-2016
_cBeselica,M
942 _2udc
_cBK
999 _c54792
_d54792